Normal view
MARC view
- الظروف السياسية- العالم العربي- النظام العالمي الجديد
Entry Topical Term
001 - CONTROL NUMBER
- control field: 19847
003 - CONTROL NUMBER IDENTIFIER
- control field: JO-AjAnu
005 - DATE AND TIME OF LATEST TRANSACTION
- control field: 20230606073448.0
008 - FIXED-LENGTH DATA ELEMENTS
- fixed length control field: 230606|| aca||aabn | a|a d
040 ## - CATALOGING SOURCE
- Original cataloging agency: JO-AjAnu
- Transcribing agency: JO-AjAnu
150 ## - HEADING--TOPICAL TERM
- Topical term or geographic name entry element: الظروف السياسية- العالم العربي- النظام العالمي الجديد
670 ## - SOURCE DATA FOUND
- Source citation: Work cat.: (JO-AjAnu)10189: السعدون، حميد حمد, author 19846, فوضوية النظام العالمي الجديد واثارة على النظام الإقليمي العربي